Social capital and social exclusion in England and Wales (1972-1999) (Record no. 59075)

000 -LEADER
fixed length control field 00473pab a2200181 454500
008 - FIXED-LENGTH DATA ELEMENTS--GENERAL INFORMATION
fixed length control field 180718b003 xxu||||| |||| 00| 0 eng d
100 ## - MAIN ENTRY--PERSONAL NAME
Personal name Li, Yaojun
245 ## - TITLE STATEMENT
Title Social capital and social exclusion in England and Wales (1972-1999)
260 ## - PUBLICATION, DISTRIBUTION, ETC.
Date of publication, distribution, etc. 003
300 ## - PHYSICAL DESCRIPTION
Extent p.497-526.
362 ## - DATES OF PUBLICATION AND/OR SEQUENTIAL DESIGNATION
Dates of publication and/or sequential designation Dec
650 ## - SUBJECT ADDED ENTRY--TOPICAL TERM
Topical term or geographic name entry element Social class
650 ## - SUBJECT ADDED ENTRY--TOPICAL TERM
Topical term or geographic name entry element Social capital
700 ## - ADDED ENTRY--PERSONAL NAME
Personal name Pickles, Andrew
700 ## - ADDED ENTRY--PERSONAL NAME
Personal name Savage, Mike
773 ## - HOST ITEM ENTRY
Main entry heading British Journal of Sociology
909 ## -
-- 59075
Holdings
Withdrawn status Lost status Damaged status Not for loan Permanent Location Current Location Date acquired Serial Enumeration / chronology Barcode Date last seen Price effective from Koha item type
        Indian Institute of Public Administration Indian Institute of Public Administration 2018-07-19 Volume no: 54, Issue no: 4 AR59520 2018-07-19 2018-07-19 Articles

Powered by Koha